Najpopularniejsze rasy psów w Polsce - Statystyki

Ogólne statystyki
  • Ten quiz został rozwiązany 78 razy
  • Średni wynik to 3 z 10
Statystyki odpowiedzi
Top Rasa % Poprawnych
2 Owczarek niemiecki
97%
4 Bulldog francuski
46%
3 Golden Retriever
39%
9 Mops
39%
7 Yorkshire Terrier
25%
5 Beagle
24%
1 Labrador Retriever
18%
10 Rottweiler
13%
8 Sznaucer miniaturowy
1%
6 Cavalier King Charles Spaniel
0%
Nie znaleziono quizów pasujących do podanych kryteriów
Rozkład punktacji
Procent ludzi z każdym wynikiem
Percentyl według liczby udzielonych odpowiedzi
Twoja historia wyników
Nie rozwiązałeś tego quizu